Development in the field of housing financing in the Slovak Republic

Saved in:
Bibliographic Details
Main Author: Rabatinová, Marcela, 1977-
Format: Book Chapter
Language:English
Tags: Add Tag
No Tags, Be the first to tag this record!

MARC

LEADER 00000naa$a2200000$$$4500
001 0063681
005 20240502071733.9
041 0 |a eng 
044 |a SK 
245 1 0 |a Development in the field of housing financing in the Slovak Republic  |c Marcela Rabatinová 
100 1 |a Rabatinová, Marcela, 1977-